Modeling bounded rationality /

Bibliographic Details
Main Author: Rubinstein, Ariel
Format: eBook
Language:English
Published: Cambridge, Mass. : MIT Press, ©1998.
©1998
Series:Zeuthen lecture book series
Subjects:
Online Access:Connect to the full text of this electronic book

MARC

Tag First Indicator Second Indicator Subfields
LEADER 00000cam a2200000Ma 4500
001 in00004600939
006 m o d
007 cr cn|||||||||
008 970904s1998 maua ob 001 0 eng d
005 20221121162348.4
035 |a (MaCbMITP)4702 
040 |a OCoLC-P  |b eng  |e pn  |c OCoLC-P 
020 |a 9780262282758  |q (electronic bk.) 
020 |a 0262282755  |q (electronic bk.) 
020 |a 0585053472  |q (electronic bk.) 
020 |a 9780585053479  |q (electronic bk.) 
020 |a 9780262181877  |q (hardcover ;  |q alk. paper) 
020 |a 0262181878  |q (hardcover ;  |q alk. paper) 
020 |a 9780262681001  |q (pbk. ;  |q alk. paper) 
020 |a 0262681005  |q (pbk. ;  |q alk. paper) 
020 |z 0262181878 
020 |z 0262681005 
035 |a (OCoLC)42855025  |z (OCoLC)42417835  |z (OCoLC)60845153  |z (OCoLC)173606427  |z (OCoLC)508226526  |z (OCoLC)532418210  |z (OCoLC)847358782  |z (OCoLC)880192850  |z (OCoLC)961574380  |z (OCoLC)962643529  |z (OCoLC)970718589  |z (OCoLC)984875326  |z (OCoLC)990589096  |z (OCoLC)990731399  |z (OCoLC)1007374699  |z (OCoLC)1038645849  |z (OCoLC)1044095952  |z (OCoLC)1053012088  |z (OCoLC)1055837584  |z (OCoLC)1077799991  |z (OCoLC)1097319946 
035 |a (OCoLC-P)42855025 
050 4 |a HD30.23  |b .R83 1998eb 
072 7 |a SEL  |x 021000  |2 bisacsh 
082 0 4 |a 153.8/3  |2 21 
100 1 |a Rubinstein, Ariel. 
245 1 0 |a Modeling bounded rationality /  |c Ariel Rubinstein. 
260 |a Cambridge, Mass. :  |b MIT Press,  |c ©1998. 
264 4 |c ©1998 
300 |a 1 online resource (viii, 208 pages) :  |b illustrations. 
336 |a text  |b txt  |2 rdacontent 
337 |a computer  |b c  |2 rdamedia 
338 |a online resource  |b cr  |2 rdacarrier 
490 1 |a Zeuthen lecture book series 
588 |a OCLC-licensed vendor bibliographic record. 
650 0 |a Decision making. 
650 0 |a Economic man. 
650 0 |a Game theory. 
650 0 |a Rational expectations (Economic theory) 
655 7 |a Electronic books.  |2 local 
856 4 0 |u http://proxy.library.tamu.edu/login?url=https://doi.org/10.7551/mitpress/4702.001.0001?locatt=mode:legacy  |z Connect to the full text of this electronic book  |t 0 
955 |a MIT D2O ebooks 
999 f f |s e99720a4-d6eb-42f2-87ff-312a3ada4a54  |i 3afbbd27-34ad-4d07-ba44-6ddae7f9701d  |t 0 
952 f f |a Texas A&M University  |b College Station  |c Electronic Resources  |d Available Online  |t 0  |e HD30.23 .R83 1998eb  |h Library of Congress classification 
998 f f |a HD30.23 .R83 1998eb  |t 0  |l Available Online